[Event "Provincial-ch Valencia Segunda"]
[Site "Valencia"]
[Date "2013.11.16"]
[Round "6"]
[White "Pedrero Gil, Francisco"]
[Black "Mitkov Angelov, Ivan"]
[Result "1-0"]
[WhiteElo "1722"]
[BlackElo "1508"]
[PlyCount "95"]
[EventDate "2013.10.05"]
[EventType "swiss"]
[EventRounds "7"]
[EventCountry "ESP"]
[SourceTitle "EXT 2024"]
[Source "ChessBase"]
[SourceDate "2023.10.10"]
[SourceVersion "1"]
[SourceVersionDate "2023.10.10"]
[SourceQuality "1"]

1. d4 d5 2. c4 e6 3. Nf3 Nf6 4. e3 c6 5. Nc3 Nbd7 6. Bd3 dxc4 7. Bxc4 b5 8. Bd3 b4 9. Ne4 Nxe4 10. Bxe4 Bb7 11. 0-0 Qb6 12. b3 Nf6 13. Bd3 c5 14. Bb2 Be7 15. dxc5 Qxc5 16. Qe2 0-0 17. Bd4 Qh5 18. Rac1 Nd5 19. Ne5 Qxe2 20. Bxe2 f6 21. Nd7 Rfd8 22. Nc5 Bc8 23. Bb2 e5 24. Rfd1 Kh8 25. Bf3 Nb6 26. Rxd8+ Bxd8 27. Bxa8 Nxa8 28. Nd3 Bf5 29. Nxb4 Bb6 30. Nd5 h6 31. Nxb6 Nxb6 32. Rc7 a5 33. Rb7 Nd5 34. Rb5 Nb4 35. Rxa5 Nd3 36. Bc3 Nc1 37. b4 Ne2+ 38. Kf1 Nxc3 39. a4 Bd7 40. Ra8+ Kh7 41. a5 Nd5 42. Rb8 Kg6 43. Ke1 Kf7 44. Rb7 Ke6 45. b5 Kd6 46. Kd2 Nc7 47. b6 Nb5 48. a6 1-0